[Event "OLNW 2223 Post SV Uelzen - SV Hellern"]
[Site "?"]
[Date "2023.03.19"]
[Round "7.5"]
[White "Hart, Martin"]
[Black "Bargsten, Justus"]
[Result "0-1"]
[WhiteElo "2042"]
[BlackElo "2108"]
[PlyCount "130"]
[EventDate "2023.??.??"]

1. e4 e6 2. Qe2 Nc6 3. Nf3 e5 4. g3 Bc5 5. Bg2 d6 6. h3 Nge7 7. O-O O-O 8. c3 a5 9. a4 f5 10. d4 Bb6 11. Nbd2 fxe4 12. Nxe4 d5 13. Nc5 e4 14. Ne1 Qd6 15. Nc2 Nf5 16. Be3 Nxe3 17. Qxe3 Ne7 18. b4 c6 19. f3 Nf5 20. Qf4 Qxf4 21. gxf4 Ng3 22. Rf2 exf3 23. Bxf3 Bc7 24. Re1 axb4 25. Nxb4 Bd6 26. Nbd3 b6 27. Ne6 Re8 28. Kg2 Nf5 29. Nc7 Rxe1 30. Nxa8 Ne3+ 31. Kh2 Rf1 32. Rxf1 Nxf1+ 33. Kg2 Ne3+ 34. Kg3 Nc4 35. Ne5 Bxe5 36. fxe5 Bb7 37. Nc7 Kf7 38. Bg4 Ke7 39. h4 Nb2 40. Ne6 g6 41. Ng5 h6 42. Nh7 Nxa4 43. Nf6 h5 44. Bd1 Nxc3 45. Bc2 Ne2+ 46. Kf2 Nxd4 47. Bxg6 Ke6 48. Bxh5 Nf5 49. Bg4 Kxe5 50. Nd7+ Kf4 51. Bxf5 Kxf5 52. Nxb6 c5 53. Nd7 c4 54. Ke3 Bc6 55. Nb6 Ke5 56. h5 d4+ 57. Ke2 c3 58. h6 Be4 59. Nd7+ Kf4 60. Nc5 Bf5 61. Ne6+ Ke5 62. Ng5 Kf6 63. h7 Kg7 64. Ke1 d3 65. Nf3 Bg4 0-1

[Event "OLNW 2223 Post SV Uelzen - SV Hellern"]
[Site "?"]
[Date "2023.03.19"]
[Round "7.6"]
[White "Bogomolow, Sergej"]
[Black "Bade, Hans-Juergen"]
[Result "1/2-1/2"]
[WhiteElo "2152"]
[BlackElo "1990"]
[PlyCount "84"]
[EventDate "2023.??.??"]

1. e4 e6 2. d4 d5 3. Nc3 dxe4 4. Nxe4 Bd7 5. Nf3 Bc6 6. Bd3 Nd7 7. Qe2 Ngf6 8. Ng3 Be7 9. Bd2 a5 10. O-O Bxf3 11. Qxf3 c6 12. c4 O-O 13. Bc3 Bb4 14. Rad1 Nb6 15. Ne2 Na4 16. Bc2 Nxc3 17. bxc3 Bd6 18. c5 Bc7 19. Rb1 Rb8 20. Rb2 e5 21. Rfb1 exd4 22. cxd4 Re8 23. Bd3 Nd5 24. Rxb7 Rxb7 25. Rxb7 Nb4 26. Bc4 Re7 27. a3 Nc2 28. Qc3 Nxd4 29. Qxd4 Rd7 30. g3 Rxd4 31. Nxd4 Qxd4 32. Rxc7 Kf8 33. Rxf7+ Ke8 34. Rf4 Qxc5 35. a4 Qe5 36. Bd3 Kd7 37. Bxh7 Kd6 38. h4 g5 39. hxg5 Qxg5 40. Be4 Qe5 41. Kg2 c5 42. Bb7 Qe8 1/2-1/2

[Event "OLNW 2223 Post SV Uelzen - SV Hellern"]
[Site "?"]
[Date "2023.03.19"]
[Round "7.7"]
[White "Suendorf, Dominik"]
[Black "Askerov, Imamali"]
[Result "0-1"]
[WhiteElo "1855"]
[BlackElo "1950"]
[PlyCount "88"]
[EventDate "2023.??.??"]

1. e4 e5 2. Nf3 Nc6 3. Bc4 Nf6 4. d3 Bc5 5. O-O h6 6. c3 Bb6 7. d4 Nxe4 8. dxe5 O-O 9. Bxh6 Nxf2 10. Rxf2 Bxf2+ 11. Kxf2 gxh6 12. Qd3 Kg7 13. Qe4 d6 14. Bd3 Rh8 15. Nbd2 dxe5 16. g4 Be6 17. Rf1 Qd5 18. Qe3 Rad8 19. Bc4 Qd7 20. Qe4 Bxc4 21. Nxc4 Qd3 22. Qxd3 Rxd3 23. Nfxe5 Nxe5 24. Nxe5 Rd5 25. Nf3 Re8 26. Nd4 c5 27. Nf5+ Kh7 28. Kf3 Rd2 29. Rf2 Red8 30. Re2 Rxe2 31. Kxe2 Kg6 32. Ne3 Kg5 33. h3 Kf4 34. Nf5 h5 35. Nh6 hxg4 36. Nxg4 f5 37. Nf2 Kg3 38. a4 Re8+ 39. Kf1 c4 40. a5 Re3 41. Nd1 Rd3 42. Ke2 Rxd1 43. Kxd1 f4 44. Ke2 Kg2 0-1

[Event "OLNW 2223 Post SV Uelzen - SV Hellern"]
[Site "?"]
[Date "2023.03.19"]
[Round "7.8"]
[White "Mittelstaedt, Hendrik"]
[Black "Boehme, Andre"]
[Result "1-0"]
[WhiteElo "2025"]
[BlackElo "1752"]
[PlyCount "71"]
[EventDate "2023.??.??"]

1. d4 g6 2. c4 Bg7 3. Nc3 d6 4. e4 Nc6 5. Nge2 e5 6. d5 Nce7 7. h4 h5 8. Ng3 Nf6 9. f3 a6 10. Be3 b6 11. Qd2 Bd7 12. O-O-O Qb8 13. Bd3 b5 14. c5 b4 15. Nce2 a5 16. Kb1 Ba4 17. Rc1 Bb5 18. Nf1 Bxd3+ 19. Qxd3 Nd7 20. cxd6 cxd6 21. g4 Nf6 22. gxh5 Nxh5 23. f4 f6 24. Nfg3 Qb7 25. Nxh5 gxh5 26. fxe5 fxe5 27. Rhg1 Bf6 28. Bg5 Bxg5 29. Rxg5 Qd7 30. Qf3 a4 31. Ng3 Qb5 32. Nxh5 Rf8 33. Ng7+ Kd7 34. Qg4+ Nf5 35. Rxf5 Qd3+ 36. Ka1 1-0

[Event "OLNW 2223 SK Union Oldenburg - Hamelner"]
[Site "?"]
[Date "2023.03.19"]
[Round "7.1"]
[White "Bode, Wilfried"]
[Black "Wittje, Berthold"]
[Result "1/2-1/2"]
[WhiteElo "2343"]
[BlackElo "2240"]
[PlyCount "27"]
[EventDate "2023.??.??"]

1. Nf3 Nf6 2. c4 e6 3. g3 d5 4. Bg2 Be7 5. O-O O-O 6. d3 c5 7. cxd5 Nxd5 8. Bd2 Nc6 9. Nc3 Nxc3 10. Bxc3 Bd7 11. d4 cxd4 12. Nxd4 Rc8 13. Qd2 Nxd4 14. Bxd4 1/2-1/2

[Event "OLNW 2223 SK Union Oldenburg - Hamelner"]
[Site "?"]
[Date "2023.03.19"]
[Round "7.2"]
[White "Mueer, Sebastian"]
[Black "Tonndorf, Matthias"]
[Result "1-0"]
[WhiteElo "2198"]
[BlackElo "2170"]
[PlyCount "95"]
[EventDate "2023.??.??"]

1. e4 c5 2. Nf3 e6 3. d4 cxd4 4. Nxd4 Nc6 5. Nc3 Qc7 6. Be3 Nf6 7. Ndb5 Qb8 8. Qf3 a6 9. Nd4 Bb4 10. Bd3 d5 11. exd5 Ne5 12. Qg3 Nxd3+ 13. cxd3 Qxg3 14. hxg3 Nxd5 15. Bd2 Nf6 16. a3 Be7 17. Na4 Nd5 18. Nc3 Nxc3 19. bxc3 O-O 20. a4 Rd8 21. Ke2 e5 22. Nf3 Bg4 23. Rhb1 Rd7 24. Ke1 Bf6 25. Rb4 Bxf3 26. gxf3 Rad8 27. Ra2 h6 28. Ke2 Be7 29. Rb3 Rxd3 30. Rxb7 Bc5 31. Be1 R3d6 32. Rab2 R8d7 33. Rxd7 Rxd7 34. Rb8+ Kh7 35. Rc8 Be7 36. c4 Rb7 37. c5 Rb2+ 38. Kd3 f5 39. c6 e4+ 40. fxe4 fxe4+ 41. Kc4 Rc2+ 42. Kd5 Rc1 43. c7 Kg6 44. Ba5 Rc5+ 45. Ke6 Rxa5 46. Kxe7 e3 47. fxe3 Rc5 48. Kd6 1-0

[Event "OLNW 2223 SK Union Oldenburg - Hamelner"]
[Site "?"]
[Date "2023.03.19"]
[Round "7.3"]
[White "Renner, Kai"]
[Black "Meessen, Max"]
[Result "1/2-1/2"]
[WhiteElo "2147"]
[BlackElo "2173"]
[PlyCount "39"]
[EventDate "2023.??.??"]

1. e4 e5 2. Nf3 Nc6 3. Bb5 a6 4. Bc4 Nf6 5. O-O Nxe4 6. d4 b5 7. Bb3 d5 8. dxe5 Be6 9. Be3 Be7 10. c3 O-O 11. Nbd2 Nc5 12. Bc2 Nd7 13. Bf4 g5 14. Bg3 Bg4 15. h3 Bh5 16. Qb1 Bg6 17. e6 Bxc2 18. exf7+ Rxf7 19. Qxc2 Kf8 20. Nb3 1/2-1/2

[Event "OLNW 2223 SK Union Oldenburg - Hamelner"]
[Site "?"]
[Date "2023.03.19"]
[Round "7.4"]
[White "Wagner, Jan"]
[Black "Poschadel, Andreas Gregor"]
[Result "0-1"]
[WhiteElo "2213"]
[BlackElo "2053"]
[PlyCount "152"]
[EventDate "2023.??.??"]

1. Nf3 Nf6 2. e3 d5 3. b3 g6 4. Bb2 Bg7 5. Be2 b6 6. O-O O-O 7. d4 Bb7 8. c4 Nbd7 9. Nc3 c5 10. Rc1 Rc8 11. Qc2 cxd4 12. exd4 dxc4 13. bxc4 Bxf3 14. Bxf3 Rxc4 15. Rfd1 Ne8 16. Qe2 Rxd4 17. Nb5 Rxd1+ 18. Rxd1 Bxb2 19. Qxb2 a6 20. Bc6 Nef6 21. Nc3 Qc7 22. Bxd7 Nxd7 23. Nd5 Qc5 24. Qe2 e6 25. Nf4 Nb8 26. h4 Qf5 27. g3 h5 28. Rd6 b5 29. Qe3 a5 30. a3 Qf6 31. Qd3 b4 32. axb4 axb4 33. Kg2 Qc3 34. Qb5 Rc8 35. Nd3 Nc6 36. Qb7 Na5 37. Qxb4 Qxb4 38. Nxb4 Nc4 39. Rc6 Rxc6 40. Nxc6 Kg7 41. Nd4 Kf6 42. Nf3 Kf5 43. Nd4+ Kf6 44. Nf3 Ne5 45. Ng5 Ng4 46. Ne4+ Kf5 47. Nd6+ Kf6 48. Ne4+ Ke7 49. Kf3 f6 50. Ke2 e5 51. Nd2 Ke6 52. Ne4 Nh6 53. Ke3 Nf5+ 54. Kd3 Nd6 55. Nd2 Kf5 56. f3 g5 57. hxg5 fxg5 58. Ke3 Ke6 59. Kf2 Kd5 60. Kg2 Kd4 61. Kf2 Kd3 62. Nb3 Kc4 63. Na5+ Kb5 64. Nb3 Kb4 65. Nd2 Kc3 66. Nf1 Kd3 67. Ne3 Kd4 68. Nc2+ Kc3 69. Ne3 Kd3 70. Nd5 Nf5 71. Nf6 h4 72. gxh4 gxh4 73. Ng4 Kd4 74. Kg2 Ne3+ 75. Kh3 Nxg4 76. fxg4 e4 0-1

[Event "OLNW 2223 SK Union Oldenburg - Hamelner"]
[Site "?"]
[Date "2023.03.19"]
[Round "7.5"]
[White "Helmer, Jan"]
[Black "Schuette, Marc"]
[Result "1/2-1/2"]
[WhiteElo "2090"]
[BlackElo "2117"]
[PlyCount "72"]
[EventDate "2023.??.??"]

1. Nf3 d5 2. e3 c6 3. c4 Nf6 4. Nc3 e6 5. b3 Nbd7 6. Bb2 Nc5 7. Qc2 a5 8. d4 Nce4 9. Bd3 Bb4 10. O-O Nxc3 11. Bxc3 Bxc3 12. Qxc3 O-O 13. c5 Re8 14. Qc2 h6 15. Ne5 Nd7 16. f4 Nf8 17. Rf3 f6 18. Ng6 Bd7 19. Raf1 Nxg6 20. Bxg6 Re7 21. Qf2 f5 22. Qh4 Be8 23. Rg3 Bxg6 24. Rxg6 Kh7 25. Rg3 b6 26. cxb6 Rb7 27. Qxd8 Rxd8 28. Rc1 Rxb6 29. Rf3 Ra8 30. Rf2 Kg6 31. Rfc2 Raa6 32. Kf2 Kf6 33. Ke2 Ke7 34. Kd3 Kd6 35. Kc3 g5 36. a3 Ra7 1/2-1/2

[Event "OLNW 2223 SK Union Oldenburg - Hamelner"]
[Site "?"]
[Date "2023.03.19"]
[Round "7.6"]
[White "Eschholz, Enno"]
[Black "van Son, Lutz"]
[Result "1/2-1/2"]
[WhiteElo "2200"]
[BlackElo "2178"]
[PlyCount "74"]
[EventDate "2023.??.??"]

1. e4 e6 2. d4 d5 3. Nc3 Bb4 4. exd5 exd5 5. Bd3 Nc6 6. a3 Ba5 7. Nge2 Nge7 8. O-O O-O 9. Ng3 Bb6 10. Nce2 Ng6 11. c3 Re8 12. Nf4 Nce7 13. Nfh5 Qd6 14. Bg5 Bd7 15. Nxg7 Kxg7 16. Nh5+ Kf8 17. Nf6 Ng8 18. Nxe8 Rxe8 19. Qh5 Kg7 20. Rae1 c5 21. Rxe8 Bxe8 22. dxc5 Bxc5 23. Bh4 Bc6 24. Bg3 Qe6 25. b4 Nf6 26. Qg5 Bb6 27. Bf4 Ne4 28. Qh6+ Kg8 29. Be3 Nxc3 30. Bxb6 axb6 31. h4 Ne2+ 32. Bxe2 Qxe2 33. h5 Ne5 34. Qg5+ Kf8 35. Qd8+ Kg7 36. Qg5+ Kf8 37. Qd8+ Kg7 1/2-1/2

[Event "OLNW 2223 SK Union Oldenburg - Hamelner"]
[Site "?"]
[Date "2023.03.19"]
[Round "7.7"]
[White "Schmidt, Dennis"]
[Black "Peters, Tom"]
[Result "0-1"]
[WhiteElo "2060"]
[BlackElo "2081"]
[PlyCount "76"]
[EventDate "2023.??.??"]

1. e4 c5 2. Nc3 e6 3. Nf3 Nc6 4. Bb5 Nge7 5. O-O a6 6. Bxc6 Nxc6 7. d4 cxd4 8. Nxd4 Qc7 9. Be3 b5 10. Nxc6 Qxc6 11. f3 Bb7 12. Qd3 Be7 13. Ne2 O-O 14. c3 Rfd8 15. Rfc1 Rac8 16. Nd4 Qc7 17. a4 d5 18. e5 bxa4 19. f4 Qc4 20. Qd1 a3 21. b3 Qc7 22. b4 a5 23. Rxa3 axb4 24. cxb4 Qd7 25. Rb3 Rc4 26. Qd2 Qa4 27. Rcb1 Rb8 28. Qb2 Qd7 29. Ra1 Bc8 30. b5 Bc5 31. b6 Bb7 32. h3 f6 33. Rf1 Ra8 34. f5 fxe5 35. Nxe6 d4 36. Bg5 d3+ 37. Nxc5 Rxc5 38. Rc3 Qd4+ 0-1

[Event "OLNW 2223 SK Union Oldenburg - Hamelner"]
[Site "?"]
[Date "2023.03.19"]
[Round "7.8"]
[White "Heinemann, Ernst"]
[Black "Jacobi, Felix-Hagen"]
[Result "0-1"]
[WhiteElo "2101"]
[BlackElo "2077"]
[PlyCount "92"]
[EventDate "2023.??.??"]

1. e4 e6 2. d4 d5 3. e5 c5 4. c3 Qb6 5. Nf3 Bd7 6. Bd3 Bb5 7. O-O Nd7 8. Bxb5 Qxb5 9. Na3 Qc6 10. Nc2 Rc8 11. a4 a6 12. Qe2 Ne7 13. Nh4 Ng6 14. Bg5 Nxh4 15. Bxh4 cxd4 16. Nxd4 Qc7 17. Bg3 Bc5 18. Nf3 Be7 19. Kh1 O-O 20. Nd2 Nb6 21. f4 Qd7 22. a5 Nc4 23. Nf3 Qb5 24. Rf2 Bc5 25. Nd4 Bxd4 26. cxd4 Nxa5 27. Qxb5 axb5 28. h3 Nb3 29. Ra7 Rc1+ 30. Kh2 Rb8 31. f5 Nxd4 32. fxe6 fxe6 33. Rd2 Nc6 34. Ra3 Rf8 35. Re3 h6 36. Rc3 Rb1 37. Rb3 b4 38. Bf2 Rc1 39. Bb6 Rf4 40. Re3 Rff1 41. Ree2 b3 42. g4 Rfe1 43. Rxe1 Rxe1 44. Kg3 Nxe5 45. Bc7 Nc4 46. Rd3 Re3+ 0-1

[Event "OLNW 2223 SK Nordhorn Blanke - SV Werder"]
[Site "?"]
[Date "2023.03.19"]
[Round "7.1"]
[White "Kardoeus, David"]
[Black "Kroeze, Frank"]
[Result "1-0"]
[WhiteElo "2162"]
[BlackElo "2391"]
[PlyCount "89"]
[EventDate "2023.??.??"]

1. d4 d5 2. c4 e6 3. Nf3 c5 4. cxd5 exd5 5. e3 Nf6 6. Be2 Nc6 7. O-O Bd6 8. b3 O-O 9. dxc5 Bxc5 10. Bb2 Re8 11. Nc3 a6 12. Rc1 Ba7 13. Na4 Ne4 14. Bxa6 Qd6 15. Bd3 Qh6 16. Nc3 Bb8 17. Nxd5 Rxa2 18. Rc2 Bg4 19. g3 Rxb2 20. Rxb2 Qh5 21. Be2 Rd8 22. Nd4 Bxe2 23. Qxe2 Qxd5 24. Qc4 Qe5 25. Nxc6 bxc6 26. Qe2 h5 27. Rc2 h4 28. Rd1 Re8 29. Qg4 hxg3 30. hxg3 c5 31. Qd7 Nxf2 32. Rxf2 Re7 33. Qc8+ Re8 34. Rd8 Qxg3+ 35. Kf1 Rxd8 36. Qxd8+ Kh7 37. Qd3+ Kg8 38. Qd8+ Kh7 39. Qd3+ Kg8 40. Qd7 f6 41. Qe8+ Kh7 42. Qh5+ Kg8 43. Rd2 Qc7 44. Qe8+ Kh7 45. Rd5 1-0

[Event "OLNW 2223 SK Nordhorn Blanke - SV Werder"]
[Site "?"]
[Date "2023.03.19"]
[Round "7.2"]
[White "Ten Vergert, Paul"]
[Black "Bach, Matthias"]
[Result "0-1"]
[WhiteElo "2179"]
[BlackElo "2198"]
[PlyCount "72"]
[EventDate "2023.??.??"]

1. d4 Nf6 2. Bf4 g6 3. Nc3 d6 4. e4 Nbd7 5. Qd2 e5 6. dxe5 dxe5 7. Bg5 c6 8. f3 Be7 9. O-O-O b5 10. Kb1 b4 11. Bxf6 Bxf6 12. Na4 Qa5 13. b3 O-O 14. h4 Nb6 15. Nb2 Rd8 16. Qc1 Be6 17. h5 c5 18. hxg6 hxg6 19. Nh3 Rxd1 20. Qxd1 c4 21. Bxc4 Nxc4 22. Nxc4 Bxc4 23. bxc4 Rd8 24. Qc1 Qc5 25. Rd1 Qxc4 26. Rxd8+ Bxd8 27. Nf2 Bb6 28. Ng4 Bd4 29. Nf6+ Kg7 30. Nh5+ Kf8 31. Qh6+ Ke7 32. Qg5+ Ke6 33. Ng7+ Kd7 34. Qd2 Qf1+ 35. Qc1 Qxc1+ 36. Kxc1 Ke7 0-1

[Event "OLNW 2223 SK Nordhorn Blanke - SV Werder"]
[Site "?"]
[Date "2023.03.19"]
[Round "7.3"]
[White "Buchal, Stephan"]
[Black "Elgersma, Simon"]
[Result "1-0"]
[WhiteElo "2210"]
[BlackElo "2256"]
[PlyCount "189"]
[EventDate "2023.??.??"]

1. c4 e6 2. g3 d5 3. Bg2 Nf6 4. Nf3 dxc4 5. O-O Nc6 6. Qa4 Qd5 7. Nc3 Qc5 8. b3 cxb3 9. axb3 Bd7 10. Ne4 Nxe4 11. Qxe4 f5 12. Qb1 Be7 13. d4 Qb5 14. e4 O-O 15. Bf4 fxe4 16. Qxe4 Bd6 17. Ng5 Qf5 18. Be3 h6 19. Qxf5 Rxf5 20. Ne4 Rb5 21. Rfb1 Nb4 22. Nc3 Rf5 23. Bxb7 Rb8 24. Be4 Rff8 25. Rxa7 Nc6 26. Ra6 Ne7 27. f4 Nf5 28. Bf2 Rb4 29. Na2 Rbb8 30. Nc1 Rb4 31. Nd3 Rb5 32. Nc5 Bc8 33. Bxf5 Rxf5 34. Ra8 Rf8 35. b4 g6 36. Be3 Kf7 37. Bd2 Be7 38. Nd3 Rb6 39. Ne5+ Kg7 40. Rc1 Rb7 41. Bc3 Kh7 42. Rca1 Bd6 43. Nc4 Bxb4 44. Bxb4 Rxb4 45. Rc1 Kg7 46. Ne5 Rb7 47. Ra5 Re8 48. Rac5 Re7 49. h4 h5 50. R1c2 Kf6 51. Kf2 Rg7 52. R2c3 Ra7 53. Ke3 Rb7 54. g4 Re7 55. Nc6 Rd7 56. gxh5 gxh5 57. Rxh5 Rb1 58. Ne5 Rg7 59. Rg5 Re7 60. Rg6+ Kf5 61. Rg5+ Kf6 62. h5 Re1+ 63. Kf2 Re4 64. Rg6+ Kf5 65. Rg5+ Kf6 66. Kg3 Ba6 67. Rg6+ Kf5 68. Rg5+ Kf6 69. Rg6+ Kf5 70. Rc5 Re3+ 71. Nf3+ e5 72. Rxa6 Ke4 73. Rxe5+ Rxe5 74. dxe5 Rxf3+ 75. Kg2 Rb3 76. Rf6 c5 77. h6 Rb7 78. Kg3 c4 79. Kg4 Rc7 80. Rd6 c3 81. Rd1 c2 82. Re1+ Kd3 83. e6 c1=Q 84. Rxc1 Rxc1 85. e7 Rc8 86. Kf5 Ke3 87. Ke6 Kxf4 88. Kd7 Rh8 89. e8=Q Rxh6 90. Qf8+ Kg5 91. Ke7 Rg6 92. Qf3 Rh6 93. Kf7 Rh4 94. Ke6 Rg4 95. Ke5 1-0

[Event "OLNW 2223 SK Nordhorn Blanke - SV Werder"]
[Site "?"]
[Date "2023.03.19"]
[Round "7.4"]
[White "Bertholee, Rob"]
[Black "Steffens, Olaf"]
[Result "1/2-1/2"]
[WhiteElo "2326"]
[BlackElo "2085"]
[PlyCount "54"]
[EventDate "2023.??.??"]

1. c4 b6 2. d4 Bb7 3. d5 e6 4. a3 Nf6 5. Nc3 exd5 6. cxd5 b5 7. Nxb5 Nxd5 8. e4 Nf6 9. Bf4 d6 10. e5 Nd5 11. exd6 Bxd6 12. Bxd6 cxd6 13. Bc4 O-O 14. Bxd5 Qe8+ 15. Ne2 Qxb5 16. Bxb7 Qxb7 17. Qxd6 Qxb2 18. Qd4 Qb5 19. a4 Qa6 20. Qd5 Re8 21. O-O Nc6 22. Qb5 Qxb5 23. axb5 Rxe2 24. bxc6 Rc2 25. Ra6 Rc8 26. Rd1 g6 27. g3 R2xc6 1/2-1/2

[Event "OLNW 2223 SK Nordhorn Blanke - SV Werder"]
[Site "?"]
[Date "2023.03.19"]
[Round "7.5"]
[White "Heldt, Nils-Lennart"]
[Black "Oehne, Timo"]
[Result "1/2-1/2"]
[WhiteElo "2143"]
[BlackElo "2155"]
[PlyCount "66"]
[EventDate "2023.??.??"]

1. d4 Nf6 2. c4 e6 3. Nc3 Bb4 4. Qc2 d5 5. a3 Be7 6. Nf3 Nbd7 7. Bg5 h6 8. Bh4 O-O 9. e3 c5 10. dxc5 Nxc5 11. Rd1 Qb6 12. cxd5 g5 13. Nxg5 hxg5 14. Bxg5 Rd8 15. Bc4 a5 16. O-O Kg7 17. e4 exd5 18. exd5 Bg4 19. Rde1 Re8 20. Bb5 Bd7 21. Bxd7 Ncxd7 22. Qf5 Bf8 23. Be3 Qxb2 24. Bd4 Rxe1 25. Rxe1 Qd2 26. Rd1 Re8 27. Kf1 Re1+ 28. Rxe1 Qxd4 29. Re3 Bd6 30. Qg5+ Kf8 31. Qh6+ Kg8 32. Qg5+ Kf8 33. Qh6+ Kg8 1/2-1/2

[Event "OLNW 2223 SK Nordhorn Blanke - SV Werder"]
[Site "?"]
[Date "2023.03.19"]
[Round "7.6"]
[White "Stotyn, Fabian"]
[Black "Franke, Reiner"]
[Result "1/2-1/2"]
[WhiteElo "2137"]
[BlackElo "2205"]
[PlyCount "58"]
[EventDate "2023.??.??"]

1. e4 c5 2. Nf3 Nc6 3. d4 cxd4 4. Nxd4 g6 5. Be3 Nf6 6. Nc3 Bg7 7. Nb3 O-O 8. Be2 d6 9. Qd2 a6 10. a4 Be6 11. Nd4 Nxd4 12. Bxd4 Rc8 13. O-O Qa5 14. Rfd1 Rfd8 15. Qe3 Nd7 16. Ra3 Qb4 17. Bxg7 Qxb2 18. Nd5 Kxg7 19. Rb3 Qxc2 20. Rxb7 Nf6 21. Nxf6 exf6 22. h4 Bc4 23. Bg4 Be6 24. Qa7 Qxe4 25. Bxe6 Qxe6 26. Re7 Qb3 27. Rd3 Qa2 28. Rd2 Qb3 29. Rd3 Qa2 1/2-1/2

[Event "OLNW 2223 SK Nordhorn Blanke - SV Werder"]
[Site "?"]
[Date "2023.03.19"]
[Round "7.7"]
[White "Pollmann, Sascha"]
[Black "Bierenbroodspot, Paul"]
[Result "0-1"]
[WhiteElo "2070"]
[BlackElo "2093"]
[PlyCount "48"]
[EventDate "2023.??.??"]

1. Nf3 d5 2. g3 c6 3. Bg2 e6 4. O-O f5 5. d3 Nf6 6. c4 Bd6 7. Nc3 O-O 8. e4 fxe4 9. dxe4 Bb4 10. exd5 Bxc3 11. bxc3 exd5 12. cxd5 Nxd5 13. Ba3 Re8 14. Qb3 Qb6 15. Qc2 Nd7 16. Rfe1 Rxe1+ 17. Rxe1 N7f6 18. c4 Nb4 19. Qb3 c5 20. Bb2 Bf5 21. Nd4 Nd3 22. Nxf5 Nxe1 23. Qe3 Qxb2 24. Qe7 Nf3+ 0-1

[Event "OLNW 2223 SK Nordhorn Blanke - SV Werder"]
[Site "?"]
[Date "2023.03.19"]
[Round "7.8"]
[White "Hoellmann, Ludger"]
[Black "Weidenhoefer, Max"]
[Result "1-0"]
[WhiteElo "2035"]
[BlackElo "2008"]
[PlyCount "85"]
[EventDate "2023.??.??"]

1. d4 d5 2. Nf3 Nf6 3. g3 Bg4 4. h3 Bxf3 5. exf3 e6 6. Be3 Bd6 7. f4 Nbd7 8. Nd2 O-O 9. Bg2 Rc8 10. O-O b6 11. c4 c6 12. Rc1 Qe7 13. Qa4 Bb8 14. Rfe1 Rfe8 15. a3 Nf8 16. b4 Qd7 17. c5 b5 18. Qc2 Qb7 19. Nb3 Bc7 20. Bd2 N6d7 21. Ra1 f6 22. a4 a6 23. axb5 axb5 24. Na5 Bxa5 25. Rxa5 Ra8 26. Rxa8 Rxa8 27. Bc3 Ra6 28. f5 exf5 29. Qxf5 Ra8 30. h4 Qc7 31. Bxd5+ Kh8 32. Bg2 Rc8 33. d5 cxd5 34. Qxd5 Nb8 35. Qd3 Qd7 36. Bf1 h6 37. Qxb5 Qg4 38. Qe2 Qf5 39. Qe4 Qd7 40. Bg2 Na6 41. c6 Qc7 42. b5 Nc5 43. Qe7 1-0

[Event "OLNW 2223 HSK Lister Turm II - SV Werder"]
[Site "?"]
[Date "2023.04.23"]
[Round "8.1"]
[White "Lichmann, Peter"]
[Black "von Mettenheim, Johannes"]
[Result "0-1"]
[WhiteElo "2328"]
[BlackElo "2317"]
[PlyCount "92"]
[EventDate "2023.??.??"]

1. e4 c6 2. b3 d5 3. exd5 cxd5 4. Bb2 Nc6 5. Bb5 Qb6 6. a4 a6 7. Bxc6+ Qxc6 8. a5 Qg6 9. Nf3 Qxg2 10. Rg1 Qh3 11. Ra4 Nf6 12. Rh4 Qe6+ 13. Qe2 Qxe2+ 14. Kxe2 Bf5 15. c4 dxc4 16. Rxc4 Be6 17. Rc7 Nd5 18. Rxb7 Bc8 19. Rb6 Nxb6 20. axb6 Rb8 21. Bd4 f6 22. Bc5 a5 23. Nc3 e5 24. d4 Kf7 25. Rc1 exd4 26. Bxd4 Bb4 27. Ne4 Re8 28. Rc7+ Kf8 29. Rxc8 Rexc8 30. Kd3 Rd8 31. Kc4 Rxd4+ 32. Nxd4 Rxb6 33. Nc5 Bxc5 34. Kxc5 Rb8 35. Kc4 Ke8 36. Nc6 Rc8 37. Kb5 Kd7 38. Nxa5 Rc2 39. Kb6 Rxf2 40. b4 Rxh2 41. b5 Rb2 42. Nc4 Rb4 43. Ne3 h5 44. Kc5 Rb3 45. Nf5 g6 46. Nd4 Rd3 0-1

[Event "OLNW 2223 HSK Lister Turm II - SV Werder"]
[Site "?"]
[Date "2023.04.23"]
[Round "8.2"]
[White "Polster, Christian"]
[Black "Kardoeus, David"]
[Result "0-1"]
[WhiteElo "2251"]
[BlackElo "2178"]
[PlyCount "74"]
[EventDate "2023.??.??"]

1. e4 c5 2. Nf3 e6 3. c3 Nf6 4. e5 Nd5 5. d4 cxd4 6. cxd4 d6 7. Bc4 Be7 8. O-O O-O 9. Qe2 Nc6 10. Nc3 dxe5 11. dxe5 Nxc3 12. bxc3 Qc7 13. Bd3 Rd8 14. Qe4 Rxd3 15. Qxd3 Nxe5 16. Nxe5 Qxe5 17. Rd1 h6 18. Be3 Qc7 19. Qb5 Bd6 20. Qh5 b6 21. Bxh6 gxh6 22. Qxh6 Bf4 23. Qh4 Bb7 24. Rd4 Be5 25. Rg4+ Kf8 26. Rd1 b5 27. Rg5 Qxc3 28. Qg4 Bd5 29. Rg8+ Ke7 30. Rxa8 Bxa8 31. Qg5+ Bf6 32. Qxb5 Bd5 33. Qa4 a5 34. Rb1 Bd4 35. h4 Bc5 36. h5 Qg3 37. Qxa5 Qxg2# 0-1

[Event "OLNW 2223 HSK Lister Turm II - SV Werder"]
[Site "?"]
[Date "2023.04.23"]
[Round "8.3"]
[White "Bach, Matthias"]
[Black "Virag, Attila Aba"]
[Result "1-0"]
[WhiteElo "2214"]
[BlackElo "2280"]
[PlyCount "59"]
[EventDate "2023.??.??"]

1. d4 Nf6 2. c4 e6 3. Nf3 c5 4. d5 exd5 5. cxd5 d6 6. Nc3 g6 7. Bf4 a6 8. a4 Bg7 9. h3 O-O 10. e3 Nh5 11. Bh2 f5 12. Be2 f4 13. O-O Bh6 14. Nd2 fxe3 15. fxe3 Rxf1+ 16. Nxf1 Nf6 17. e4 Qb6 18. a5 Qc7 19. e5 dxe5 20. Bc4 Qd6 21. Qe2 Nbd7 22. Ng3 b5 23. axb6 Bf4 24. Nge4 Bxh2+ 25. Kxh2 Nxe4 26. Nxe4 Qxb6 27. Rf1 Bb7 28. Qg4 Nf8 29. Qg5 Qb4 30. b3 1-0

[Event "OLNW 2223 HSK Lister Turm II - SV Werder"]
[Site "?"]
[Date "2023.04.23"]
[Round "8.4"]
[White "Bleecke, Sebastian"]
[Black "Buchal, Stephan"]
[Result "1/2-1/2"]
[WhiteElo "2152"]
[BlackElo "2208"]
[PlyCount "57"]
[EventDate "2023.??.??"]

1. e4 d6 2. d4 Nf6 3. Nc3 g6 4. Be3 c6 5. Qd2 b5 6. Bd3 Nbd7 7. Nf3 Bb7 8. O-O e5 9. dxe5 dxe5 10. Rfd1 Bg7 11. a4 a6 12. h3 O-O 13. Ne2 Qe7 14. c4 Rfd8 15. Ng3 b4 16. c5 a5 17. Qc2 Nf8 18. Bc4 h6 19. Nd2 Bc8 20. Nb3 Ne6 21. Rxd8+ Qxd8 22. Rd1 Qc7 23. Qd2 h5 24. f3 Bf8 25. Nf1 Be7 26. g4 Nf4 27. Qh2 hxg4 28. hxg4 Kg7 29. Ng3 1/2-1/2

[Event "OLNW 2223 HSK Lister Turm II - SV Werder"]
[Site "?"]
[Date "2023.04.23"]
[Round "8.5"]
[White "Steffens, Olaf"]
[Black "Hoerstmann, Rudi"]
[Result "1-0"]
[WhiteElo "2091"]
[BlackElo "2227"]
[PlyCount "47"]
[EventDate "2023.??.??"]

1. d3 c5 2. g4 d5 3. Bg2 Nc6 4. g5 e5 5. Nc3 Be6 6. e4 d4 7. Nce2 Bd6 8. f4 exf4 9. Nxf4 Qxg5 10. Nf3 Qe7 11. Nxe6 Qxe6 12. O-O Ne5 13. c3 Ne7 14. Ng5 Qd7 15. Bh3 Qc7 16. Qh5 N7g6 17. Bd2 f6 18. Ne6 Qf7 19. cxd4 cxd4 20. Rac1 Nxd3 21. Qb5+ Ke7 22. Qxb7+ Ke8 23. Qxa8+ Ke7 24. Qb7+ 1-0